00984cam a22002538a 4500001001000000005001700010008004100027010001400068020002600082035001300108037001500121040001200136082001800148100001900166245011100185260004500296300003300341500013300374500002000507650002300527710003400550730006800584856007800652ENG-9046020041027072032.0031105s2004 nyua 001 0 eng  aENG-90460 a9788120335561c225.00 aEN-73993 bDBAD / PUB aDPLbEN a658.404 / KEN aKendrick, Tom. aThe project management tool kit :b100 tips and techniques for getting the job done right /cTom Kendrick. aNew DelhibPrentice-Hall of Indiac2008. axv, 233 p. :bill. ;c23 cm. a"Includes processes from all of the areas outlined in the Project Management Institute (PMI) PMBOKr Guide, 2000 Edition"--P. xi. aIncludes index. aProject management aProject Management Institute. aGuide to the project management body of knowledge (PMBOK guide) 3Table of contentsuhttp://www.loc.gov/catdir/toc/ecip0410/2003023995.html